Equipe du FC Nantes ( saison 2025-2026 ) - Statistiques

Statistiques générales
  • Ce quiz a été pris 118 fois
    34 depuis la dernière actualisation
  • Le résultat moyen est 24 sur 34
Statistiques - réponses
Poste Numéro Nationalité Joueur % Correct
G 1 Portugal Anthony Lopes
100%
D 6 Nigeria Chidozie Awaziem
92%
M 66 France Louis Leroux
92%
D 3 France Nicolas Cozza
92%
D 78 France Tylel Tati
92%
A 10 France Matthis Abline
88%
D 26 Serbie Uros Radakovic
88%
M 8 France Johann Lepenant
83%
A 31 Egypte Mostapha Mohamed
83%
A 19 Maroc Youssef El Arabi
83%
D 18 France Fabien Centonze
79%
M 13 France Francis Coquelin
79%
G 30 Suède Patrik Carlgren
79%
M 17 France Dehmaine Tabibou
75%
A 11 France Herba Guirassy
75%
A 37 Cameroun Ignatius Ganago
75%
A 14 Mali Amady Camara
71%
D 27 Colombie Deiver Machado
71%
M 5 Corée du Sud Hyeok-kyu Kwon
71%
D 98 France Kelvin Amian
71%
G 50 France Alexis Mirbach
67%
D 24 France Frédéric Guilbert
63%
M 21 France Mohamed Kaba
63%
D 4 Côte d'Ivoire Abakar Sylla
58%
M 7 Corée du Sud Hyun-seok Hong
58%
M 28 Mali Ibrahima Sissoko
58%
M 20 France Rémy Cabella
58%
D 2 Libye Ali Youssif
50%
M 52 France Bahmed Deuff
50%
M 80 France Junior Mwanga
50%
A 15 Suède Mayckel Lahdo
50%
D 72 France Sékou Doucouré
42%
A 90 France Yassine Benhattab
25%
A 23 Comores Adel Mahamoud
21%
Aucun quiz correspondant
Distribution des résultats
% des personnes avec chaque résultat
Percentile par nombre de réponses
Votre historique - résultats
Vous n’avez pas pris ce quiz depuis la dernière actualisation